Art rhétorique et art poétique

Na minha lista:
Detalhes bibliográficos
Principais autores: Aristóteles, 384 a.C.- 322 a.C (Autor), Voilquin, Jean (Autor), Capelle, Jean (Autor)
Formato: Livro
Idioma:francês
grego
Publicado em: París Librairie Garnier Frères 1944
Assuntos:
Tags: Adicionar Tag
Sem tags, seja o primeiro a adicionar uma tag!

MARC

LEADER 00000nam a2200000 a 4500
001 UCY6439
003 CL-VaPUC
008 950526e19440000FR |||||||||||||||||fre|d
041 0 7 |a fre  |2 CL-VaPUC 
041 0 7 |a gre  |2 CL-VaPUC 
082 0 4 |a 185  |b ARI  |2 21 
100 |a Aristóteles,  |d 384 a.C.- 322 a.C.  |e author  |9 194 
700 0 |a Voilquin, Jean  |e author  |9 336362 
700 0 |a Capelle, Jean  |e author  |9 336363 
245 1 0 |a Art rhétorique et art poétique 
300 |a 572 p 
942 |c BK 
945 |d 19950526 00:00:00  |a oaravena 
260 |a París  |b Librairie Garnier Frères  |c 1944 
650 0 |a Filosofía antigua   |9 255705 
650 0 |a Retórica   |9 266620 
650 0 |a Poesía   |9 265825 
650 0 |a Filosofía de la literatura  |9 267374 
651 0 |a Grecia  |9 265314 
583 |a last modification  |c 20121007 09:06:24  |k Rodrigo Vera 
999 |c 234004  |d 234002 
952 |0 0  |1 0  |4 0  |6 185_000000000000000_ARI_1944  |7 0  |8 P  |9 239923  |a BIBEDU  |b BIBEDU  |c BIBEDU_PB  |d 2019-11-18  |i 1512080  |o 185 ARI 1944  |p 1512080  |r 2024-01-25  |w 2019-11-18  |y BK  |k FIL